000 00719cam a2200265 a 4500
003 CO-BoRNBP
005 20241010111148.0
007 ta
008 920529s1990 sp e jr 00011 spa d
020 _a8434832003
040 _ala
_cla
041 0 _aspa
043 _ae-sp---
084 _aN DEL1
100 1 _aDelgado, Josep-Francesc,
_d1960-
_942875
245 1 4 _aLas voces del Everest /
_cJosep-Francesc Delgado.
250 _a1a. edición
300 _a173 p. :
_bplanos ;
_c20 cm.
336 _2rdacontent
_atexto
_btxt
337 _2rdamedia
_asin mediación
_bn
338 _2rdacarrier
_avolumen
_bnc
650 7 _aNovela juvenil española.
_2BLAAUTO
_91056
942 _2ddc
_cBKLIT
949 _an
_bn
999 _c38422
_d38422